[Event "Camp. russo a squadre 2007"]
[Site "Sochi RUS"]
[Date "2007.05.03"]
[Round "2"]
[White "Tiviakov, S."]
[Black "Grischuk, A."]
[Result "0-1"]
[WhiteElo "2663"]
[BlackElo "2717"]
[PlyCount "74"]
[EventDate "2007.05.02"]
[Source "www.chesslib.no"]
[SourceDate "2004.05.04"]

1. e4 e5 2. Nf3 Nc6 3. Bb5 a6 4. Ba4 Nf6 5. Qe2 Bc5 6. d3 d6 7. c3 O-O 8. Bg5 h6 9. Bh4 g5 10. Bg3 Nh5 11. Nbd2 Qf6 12. Bxc6 bxc6 13. d4 exd4 14. e5 d3 15. Qxd3 Bf5 16. Qxa6 Nxg3 17. hxg3 Rxa6 18. exf6 Re8+ 19. Kd1 Bxf2 20. Nd4 Bxd4 21. cxd4 Kh7 22. Re1 Be6 23. a4 Rb8 24. Kc2 Rb4 25. b3 Rxd4 26. Kc3 c5 27. Re4 Rxe4 28. Nxe4 Bd5 29. Re1 Kg6 30. g4 c4 31. bxc4 Bxe4 32. Rxe4 Rxa4 33. Re7 c5 34. Rd7 Ra6 35. Rd8 Kxf6 36. Rh8 Ra3+ 37. Kd2 Rg3 0-1

[Event "ch-NED"]
[Site "Hilversum NED"]
[Date "2007.06.28"]
[Round "11"]
[White "Tiviakov, S."]
[Black "Sokolov, Iv NED"]
[Result "1/2-1/2"]
[WhiteElo "2663"]
[BlackElo "2655"]
[PlyCount "72"]
[EventDate "2007.06.16"]
[Source "www.chesslib.no"]
[SourceDate "2004.05.04"]

1. e4 e5 2. Nf3 Nc6 3. Bb5 a6 4. Ba4 Nf6 5. Qe2 Bc5 6. Bxc6 bxc6 7. Nxe5 O-O 8. O-O Qe7 9. Nf3 Qxe4 10. Qxe4 Nxe4 11. d3 Nf6 12. Nc3 h6 13. Bf4 d6 14. Be3 Bb6 15. Rfe1 Bg4 16. Nd2 Be6 17. Bxb6 cxb6 18. Nc4 Bxc4 19. dxc4 Rfe8 20. a4 a5 21. f3 Re5 22. Red1 Rd8 23. Ra3 Re6 24. Kf2 Kf8 25. Ne2 Re5 26. Rb3 Rc5 27. Rd4 Rb8 28. Rxd6 Rxc4 29. Rc3 Rxa4 30. Rcxc6 Ra2 31. Rxb6 Rxb2 32. Rxb8+ Rxb8 33. Ra6 Rc8 34. Nd4 Rd8 35. c3 Nd5 36. Ne2 Rc8 1/2-1/2

[Event "Mind Sports Games - Rapid Team"]
[Site "Pechino CINA"]
[Date "2008.10.16"]
[Round "8"]
[White "Shabalov, A."]
[Black "Sasikiran, K."]
[Result "1-0"]
[WhiteElo "2585"]
[BlackElo "2694"]
[PlyCount "71"]
[EventDate "2008.10.14"]
[Source "www.chesslib.no"]
[SourceDate "2004.05.04"]

1. e4 e5 2. Nf3 Nc6 3. Bb5 a6 4. Ba4 Nf6 5. Qe2 b5 6. Bb3 Bc5 7. c3 d6 8. d3 Bb6 9. Nbd2 Ne7 10. a4 Bd7 11. Nf1 Ng6 12. Ng3 O-O 13. O-O h6 14. Be3 Rb8 15. a5 Bxe3 16. fxe3 c6 17. h3 d5 18. exd5 cxd5 19. d4 Re8 20. dxe5 Nxe5 21. Nd4 Nc4 22. Rf3 Nh7 23. Bxc4 bxc4 24. Raf1 Ng5 25. Rf4 f6 26. Ngf5 Kh7 27. Qh5 Re5 28. h4 Bxf5 29. Nxf5 Ne6 30. Rg4 Rb7 31. Qg6+ Kh8 32. Nxh6 gxh6 33. Rxf6 Ng7 34. Rgf4 Kg8 35. Rf7 Rxf7 36. Rxf7 1-0

[Event "Linares"]
[Site "?"]
[Date "1995.??.??"]
[Round "?"]
[White "Tiviakov, S."]
[Black "Sokolov, I."]
[Result "1/2-1/2"]
[WhiteElo "2625"]
[BlackElo "2645"]
[PlyCount "113"]
[EventDate "1995.??.??"]
[Source "ChessBase"]
[SourceDate "1995.02.01"]

1. e4 e5 2. Nf3 Nc6 3. Bb5 a6 4. Ba4 Nf6 5. Qe2 Bc5 6. Bxc6 bxc6 7. Nxe5 O-O 8. O-O Qe7 9. Nd3 Bd4 10. c3 Bb6 11. Nf4 Re8 12. d4 Qxe4 13. Qxe4 Rxe4 14. Be3 Ng4 15. Bd2 c5 16. Nd5 Bb7 17. Nxb6 cxb6 18. dxc5 bxc5 19. Na3 Re2 20. Rad1 Rae8 21. f3 R8e6 22. Bf4 Bc6 23. Rd2 Rxd2 24. Bxd2 Ne5 25. Re1 Bxf3 26. Rxe5 Rxe5 27. gxf3 Re2 28. Nb1 c4 29. h4 Kf8 30. Kf1 Rh2 31. Kg1 Rxh4 32. Na3 d5 33. Nc2 Rh5 34. Nd4 Re5 35. Kf2 Re8 36. Bf4 f6 37. Bd6+ Kf7 38. a4 g5 39. a5 h5 40. Nc6 h4 41. Nb4 Ke6 42. Bh2 Ra8 43. Kg2 f5 44. Kh3 Kd7 45. Nxd5 g4+ 46. fxg4 fxg4+ 47. Kxg4 Kc6 48. Nc7 Ra7 49. Kxh4 Rxc7 50. Bxc7 Kxc7 51. Kg5 Kc6 52. Kf4 Kb5 53. Ke4 Kxa5 54. Kd4 Kb5 55. Kd5 a5 56. Kd4 Ka4 57. Kxc4 1/2-1/2

[Event "Corr"]
[Site "cor"]
[Date "1988.??.??"]
[Round "?"]
[White "Kopylov, Igor A"]
[Black "Yarkov, Vladimir V"]
[Result "0-1"]
[WhiteElo "2590"]
[BlackElo "2655"]
[PlyCount "80"]
[EventDate "1988.??.??"]
[Source "www.chesslib.no"]
[SourceDate "2004.05.04"]

1. e4 e5 2. Nf3 Nc6 3. Bb5 a6 4. Ba4 Nf6 5. Qe2 b5 6. Bb3 Bc5 7. a4 Rb8 8. axb5 axb5 9. d3 d6 10. Be3 Bxe3 11. fxe3 Be6 12. Bxe6 fxe6 13. O-O O-O 14. Nbd2 Ne7 15. b4 Ng6 16. Ra6 Ra8 17. Rfa1 Rxa6 18. Rxa6 Qc8 19. Ra5 Qb7 20. Qe1 Qc6 21. Qb1 d5 22. c4 bxc4 23. exd5 exd5 24. dxc4 d4 25. exd4 e4 26. Rc5 Qa8 27. Ra5 Qc6 28. Rc5 Qe8 29. Ne5 Qd8 30. Qb2 Nf4 31. Ra5 Ng4 32. Nxg4 Qh4 33. Ra1 Qxg4 34. Nf1 Ne2+ 35. Kh1 Rf2 36. Ne3 Qf4 37. Qa3 h6 38. d5 Nd4 39. h3 Nf3 40. Ng4 Qg3 0-1

[Event "Wijk aan Zee NED"]
[Site "Wijk aan Zee NED"]
[Date "1995.??.??"]
[Round "?"]
[White "Tiviakov, Sergei"]
[Black "Almasi, Zoltan"]
[Result "1-0"]
[WhiteElo "2625"]
[BlackElo "2590"]
[PlyCount "39"]
[EventDate "1995.??.??"]
[Source "www.chesslib.no"]
[SourceDate "2004.05.04"]

1. e4 e5 2. Nf3 Nc6 3. Bb5 a6 4. Ba4 Nf6 5. Qe2 b5 6. Bb3 Bc5 7. d3 d6 8. c3 O-O 9. Bg5 Be6 10. Nbd2 Qe7 11. Bd5 Bxd5 12. exd5 Nb8 13. Ne4 Nbd7 14. Nh4 h6 15. Nf5 Qd8 16. Bh4 Kh7 17. Qf3 g5 18. Bxg5 hxg5 19. Qh3+ Kg8 20. Nxg5 1-0

[Event "TCh-ROU Superliga"]
[Site "Predeal ROU"]
[Date "2007.10.20"]
[Round "8"]
[White "Baklan, V."]
[Black "Marin, Mi"]
[Result "1-0"]
[WhiteElo "2639"]
[BlackElo "2551"]
[PlyCount "41"]
[EventDate "2007.10.13"]
[Source "www.chesslib.no"]
[SourceDate "2004.05.04"]

1. e4 e5 2. Nf3 Nc6 3. Bb5 a6 4. Ba4 Nf6 5. Qe2 b5 6. Bb3 Be7 7. c3 d6 8. a4 Bg4 9. axb5 axb5 10. Rxa8 Qxa8 11. Qxb5 O-O 12. Qe2 Nh5 13. d3 Qa1 14. O-O Rb8 15. Bd5 Nd8 16. Na3 Ne6 17. Qc2 Bxf3 18. gxf3 Nf6 19. Bxe6 fxe6 20. b4 Ra8 21. Qb3 1-0

[Event "Mind Sports Games - Rapid Team KO"]
[Site "Pechino CINA"]
[Date "2008.10.17"]
[Round "2.1"]
[White "Shabalov, A."]
[Black "Ghaem Maghami, E."]
[Result "1-0"]
[WhiteElo "2585"]
[BlackElo "2599"]
[PlyCount "85"]
[EventDate "2008.10.14"]
[Source "www.chesslib.no"]
[SourceDate "2004.05.04"]

1. e4 e5 2. Nf3 Nc6 3. Bb5 a6 4. Ba4 Nf6 5. Qe2 b5 6. Bb3 Be7 7. c3 O-O 8. d4 d6 9. O-O Bg4 10. Rd1 Qc8 11. h3 Bh5 12. a4 Na5 13. Bc2 b4 14. Bd2 bxc3 15. Bxc3 Nc6 16. d5 Nd4 17. Bxd4 exd4 18. Nbd2 Rb8 19. Nc4 Re8 20. Rxd4 Nd7 21. Rb1 Bf6 22. Rdd1 Rb4 23. b3 Nc5 24. Qe3 Nxa4 25. e5 dxe5 26. d6 Rd8 27. d7 Qa8 28. Be4 c6 29. Rbc1 Bxf3 30. gxf3 Rxc4 31. Rxc4 Nb2 32. Rd6 Nxc4 33. bxc4 Qb8 34. Rxf6 Rxd7 35. Rxc6 g6 36. Rxa6 Kg7 37. Kg2 Qd8 38. Bd5 Qe7 39. f4 exf4 40. Qd4+ Kh6 41. Qxf4+ Kg7 42. Qd4+ Kh6 43. Qe3+ 1-0

[Event "Mondariz zt 1.1"]
[Site "Mondariz"]
[Date "2000.09.14"]
[Round "11"]
[White "Tiviakov, Sergei"]
[Black "Bauer, Christian"]
[Result "1/2-1/2"]
[WhiteElo "2608"]
[BlackElo "2562"]
[PlyCount "105"]
[EventDate "2000.09.03"]
[Source "ChessBase"]
[SourceDate "2000.11.21"]

1. e4 Nc6 2. Nf3 e5 3. Bb5 a6 4. Ba4 Nf6 5. Qe2 b5 6. Bb3 Bc5 7. c3 O-O 8. d3 h6 9. h3 d5 10. O-O Bb7 11. Rd1 Re8 12. Nbd2 Bf8 13. a3 Na5 14. Ba2 c5 15. b4 cxb4 16. axb4 Nc6 17. exd5 Nxd5 18. Ne4 Re6 19. Bb3 Qd7 20. c4 Ndxb4 21. cxb5 axb5 22. Bxe6 Qxe6 23. Rxa8 Bxa8 24. Nc3 Bb7 25. d4 Qb3 26. Qb2 Qc4 27. dxe5 Bc8 28. Be3 Be6 29. Nd2 Qh4 30. Nxb5 Nd3 31. Qc2 Ncxe5 32. Nd4 Bd5 33. Nf5 Qh5 34. Ng3 Qg6 35. Qc8 Be6 36. Qd8 f5 37. Nf3 Nxf3+ 38. gxf3 Ne5 39. f4 Nc6 40. Qa8 Ne7 41. Rd8 Qf7 42. Bc5 Bd5 43. Qb8 Ng6 44. Qd6 Bb7 45. Rb8 Kh7 46. Rxf8 Qb3 47. Be3 Nxf8 48. Qxf8 Qd1+ 49. Kh2 Qf3 50. Qxf5+ Kh8 51. Qf8+ Kh7 52. Qf5+ Kh8 53. Qf8+ 1/2-1/2

[Event "Nederland (ch)"]
[Site "?"]
[Date "1994.??.??"]
[Round "?"]
[White "van der Wiel, J."]
[Black "van der Sterren, P."]
[Result "1/2-1/2"]
[WhiteElo "2555"]
[BlackElo "2605"]
[PlyCount "87"]
[EventDate "1994.??.??"]
[Source "ChessBase"]
[SourceDate "1994.06.01"]

1. e4 e5 2. Nf3 Nc6 3. Bb5 a6 4. Ba4 Nf6 5. Qe2 b5 6. Bb3 Bc5 7. a4 Bb7 8. d3 h6 9. axb5 axb5 10. Rxa8 Bxa8 11. Na3 Qb8 12. Be3 Bxe3 13. fxe3 O-O 14. O-O Qb6 15. Nb1 Re8 16. Nh4 Na5 17. Ba2 b4 18. Nd2 d5 19. exd5 Bxd5 20. Bxd5 Nxd5 21. Nf5 Kh7 22. Qf3 Rd8 23. Kh1 Qe6 24. Ne4 Nc6 25. g4 f6 26. Qh3 Nce7 27. Nxh6 gxh6 28. Rxf6 Qxf6 29. Nxf6+ Nxf6 30. g5 Nfg8 31. Qe6 hxg5 32. Qxe5 Kh6 33. Qxc7 Rf8 34. Kg1 Ng6 35. Qd6 Rc8 36. Qxb4 Rxc2 37. Qb3 Rc1+ 38. Kf2 Nf6 39. Qe6 Rc2+ 40. Ke1 Nh5 41. b4 Rxh2 42. b5 Rb2 43. b6 g4 44. Qxg4 1/2-1/2

[Event "Masters"]
[Site "Trieste ITA"]
[Date "2007.09.02"]
[Round "3"]
[White "Tiviakov, S."]
[Black "Borisek, J."]
[Result "1-0"]
[WhiteElo "2648"]
[BlackElo "2506"]
[PlyCount "71"]
[EventDate "2007.09.01"]
[Source "www.chesslib.no"]
[SourceDate "2004.05.04"]

1. e4 e5 2. Nf3 Nc6 3. Bb5 a6 4. Ba4 Nf6 5. Qe2 b5 6. Bb3 Be7 7. a4 Bb7 8. c3 O-O 9. O-O d5 10. d4 Nxe4 11. dxe5 Nc5 12. Bc2 b4 13. Rd1 Ne6 14. a5 bxc3 15. bxc3 Na7 16. Na3 c5 17. Nc4 Qc7 18. Nb6 Rad8 19. Nxd5 Bxd5 20. Rxd5 Rxd5 21. Qe4 g6 22. Qxd5 Nc6 23. h4 Rd8 24. Qe4 Nxa5 25. h5 c4 26. hxg6 hxg6 27. Be3 Nb3 28. Rxa6 Nbc5 29. Bxc5 Nxc5 30. Rxg6+ fxg6 31. Qxg6+ Kf8 32. Qh6+ Ke8 33. Bg6+ Kd7 34. Bf5+ Ke8 35. Qh5+ Kf8 36. Qh8+ 1-0

[Event "Campionato europeo 2007"]
[Site "Dresda GER"]
[Date "2007.04.08"]
[Round "6.57"]
[White "Fedorov, Alexei"]
[Black "Romanov, Evgeny"]
[Result "1-0"]
[WhiteElo "2611"]
[BlackElo "2520"]
[PlyCount "45"]
[EventDate "2007.04.03"]
[Source "www.chesslib.no"]
[SourceDate "2004.05.04"]

1. e4 e5 2. Nf3 Nc6 3. Bb5 a6 4. Ba4 Nf6 5. Qe2 b5 6. Bb3 Be7 7. c3 O-O 8. d4 d6 9. Nbd2 exd4 10. cxd4 Bg4 11. Qe3 Re8 12. O-O Bf8 13. e5 dxe5 14. dxe5 Nd5 15. Qe4 Be6 16. Rd1 f5 17. exf6 Bf7 18. Qh4 Qxf6 19. Ng5 h6 20. Nde4 Qf5 21. Nxf7 Rxe4 22. Nxh6+ gxh6 23. Qxe4 1-0

[Event "EU-chT (Men)"]
[Site "Leon"]
[Date "2001.11.14"]
[Round "8.3"]
[White "Tiviakov, Sergei"]
[Black "Hector, Jonny"]
[Result "1-0"]
[WhiteElo "2599"]
[BlackElo "2528"]
[PlyCount "80"]
[EventDate "2001.11.06"]
[Source "ChessBase"]
[SourceDate "2001.02.01"]

1. e4 e5 2. Nf3 Nc6 3. Bb5 a6 4. Ba4 Nf6 5. Qe2 b5 6. Bb3 Be7 7. d4 d6 8. c3 Bg4 9. d5 Na5 10. Bc2 O-O 11. Nbd2 Qc8 12. h3 Bd7 13. Nb3 Nc4 14. Nfd2 c6 15. Nxc4 bxc4 16. dxc6 Bxc6 17. Nd2 d5 18. O-O Qb7 19. Nf3 Bd6 20. exd5 Bxd5 21. Bg5 e4 22. Nd4 Be5 23. Nf5 h6 24. Bh4 Rfe8 25. Rad1 Qc6 26. Rd2 Rab8 27. Rfd1 Rxb2 28. Bxf6 Qxf6 29. Rxd5 Qxf5 30. Rd8 Rxd8 31. Rxd8+ Kh7 32. g4 Qg6 33. Rd2 f5 34. Qxc4 Rxc2 35. Rxc2 fxg4 36. h4 g3 37. Re2 g2 38. Re1 e3 39. f4 Bb8 40. Qd4 Qf5 1-0

[Event "Bad Endbach"]
[Site "Bad Endbach"]
[Date "1995.??.??"]
[Round "?"]
[White "Tischbierek, Raj"]
[Black "Romanishin, Oleg M"]
[Result "1/2-1/2"]
[WhiteElo "2520"]
[BlackElo "2595"]
[PlyCount "44"]
[EventDate "1995.04.??"]
[Source "ChessBase"]

1. e4 e5 2. Nf3 Nc6 3. Bb5 a6 4. Ba4 Nf6 5. Qe2 b5 6. Bb3 Be7 7. d4 d6 8. c3 Bg4 9. Be3 Na5 10. dxe5 Bxf3 11. Qxf3 dxe5 12. O-O Nxb3 13. axb3 O-O 14. Rd1 Qc8 15. Nd2 Qe6 16. Qf5 Qxf5 17. exf5 Rfd8 18. b4 Ne8 19. Ne4 Nd6 20. Nxd6 cxd6 21. f4 f6 22. Rd5 Kf7 1/2-1/2

[Event "Amsterdam (open)"]
[Site "?"]
[Date "1996.??.??"]
[Round "?"]
[White "Tiviakov, S."]
[Black "Ziatdinov, R."]
[Result "1-0"]
[WhiteElo "2615"]
[BlackElo "2475"]
[PlyCount "61"]
[EventDate "1996.??.??"]
[Source "ChessBase"]
[SourceDate "1996.06.01"]

1. e4 e5 2. Nf3 Nc6 3. Bb5 a6 4. Ba4 Nf6 5. Qe2 Be7 6. c3 b5 7. Bb3 O-O 8. d4 exd4 9. e5 Re8 10. O-O dxc3 11. Ng5 d5 12. exd6 Bxd6 13. Bxf7+ Kf8 14. Bxe8 Nd4 15. Qe1 c2 16. Bf7 cxb1=Q 17. Rxb1 Bf5 18. Be3 h6 19. Bxd4 hxg5 20. Bb3 Bxb1 21. Qe6 Qe8 22. Qh3 Qh5 23. Qxh5 Nxh5 24. Rxb1 Nf4 25. Be3 c5 26. Rd1 Ke7 27. g3 c4 28. Bc2 Ne6 29. Bf5 Rd8 30. Re1 Bb4 31. Bxg5+ 1-0

[Event "ISR-ch op"]
[Site "Tel Aviv"]
[Date "2001.04.12"]
[Round "4"]
[White "Zoler, Dan"]
[Black "Golod, Vitali"]
[Result "1/2-1/2"]
[WhiteElo "2487"]
[BlackElo "2593"]
[PlyCount "47"]
[EventDate "2001.04.09"]
[Source "ChessBase"]
[SourceDate "2001.05.06"]

1. e4 e5 2. Nf3 Nc6 3. Bb5 a6 4. Ba4 Nf6 5. Qe2 b5 6. Bb3 Bc5 7. c3 d6 8. O-O O-O 9. d3 h6 10. Be3 Bxe3 11. Qxe3 Na5 12. Bc2 c5 13. Nbd2 Re8 14. a3 Nc6 15. Rfe1 Be6 16. Nf1 Rc8 17. Ng3 Rc7 18. Qd2 Nh7 19. h3 Ng5 20. Nh2 Nh7 21. Nhf1 Ng5 22. Nh2 Nh7 23. Nhf1 Ng5 24. Nh2 1/2-1/2

[Event "RUS-ch sf"]
[Site "Perm"]
[Date "1997.??.??"]
[Round "8"]
[White "Varavin, Viktor"]
[Black "Bezgodov, Alexei"]
[Result "0-1"]
[WhiteElo "2505"]
[BlackElo "2570"]
[PlyCount "116"]
[EventDate "1997.??.??"]
[Source "www.chesslib.no"]
[SourceDate "2004.05.04"]

1. e4 e5 2. Nf3 Nc6 3. Bb5 a6 4. Ba4 Nf6 5. Qe2 d6 6. O-O Bd7 7. Bxc6 Bxc6 8. Nc3 Be7 9. d4 exd4 10. Nxd4 Bd7 11. Bf4 O-O 12. Rad1 Re8 13. h3 Qc8 14. g4 Be6 15. Nf5 Bf8 16. Qf3 b5 17. Bg5 Nd7 18. Qg2 Nb6 19. Ng3 c5 20. b3 Qb7 21. Bf4 Rad8 22. Nd5 Nxd5 23. exd5 Bc8 24. Rfe1 Qd7 25. Ne4 Bb7 26. Qg3 f5 27. gxf5 Qxf5 28. f3 c4 29. bxc4 bxc4 30. Kh2 Kh8 31. Qg4 Bc8 32. Kg3 h6 33. Qxf5 Bxf5 34. h4 Kg8 35. Rd4 c3 36. Rb1 Rb8 37. Rb3 Rec8 38. Ra4 Rb5 39. Rxb5 axb5 40. Rb4 Ra8 41. Nxc3 Bxc2 42. Rxb5 Be7 43. Rb7 Bf6 44. Ne4 Rxa2 45. Bxd6 Ra5 46. Nc5 Bd1 47. Rb8+ Kh7 48. Rb1 Be2 49. Re1 Bc4 50. Rd1 h5 51. Kf4 Bxh4 52. Kf5 Bf2 53. Ne4 Bxd5 54. Ng5+ Kh6 55. Be5 g6+ 56. Kf4 Ra4+ 57. Ne4 Bxe4 58. fxe4 Ra3 0-1

[Event "Manila PHI"]
[Site "Manila PHI"]
[Date "1979.??.??"]
[Round "?"]
[White "Torre, Eugenio"]
[Black "Olafsson, Fridrik"]
[Result "1-0"]
[WhiteElo "2520"]
[BlackElo "2555"]
[PlyCount "55"]
[EventDate "1979.??.??"]
[Source "www.chesslib.no"]
[SourceDate "2004.05.04"]

1. e4 e5 2. Nf3 Nc6 3. Bb5 a6 4. Ba4 Nf6 5. Qe2 Bc5 6. Bxc6 dxc6 7. Nxe5 Qd4 8. Nd3 Bb6 9. f3 O-O 10. Nf2 Re8 11. c3 Qd6 12. O-O Nh5 13. d3 f5 14. Na3 Ba7 15. Nc4 Qg6 16. Be3 c5 17. f4 Rf8 18. Ne5 Qe8 19. exf5 Rxf5 20. Ne4 Rf8 21. Rae1 b6 22. c4 Nf6 23. Bd2 c6 24. Rf3 Bb8 25. Nxf6+ Rxf6 26. Re3 Re6 27. Qf3 Ra7 28. Nxc6 1-0

[Event "Campionato europeo 2007"]
[Site "Dresda GER"]
[Date "2007.04.05"]
[Round "3.84"]
[White "Gashimov, Vugar"]
[Black "Zeller, Frank"]
[Result "1-0"]
[WhiteElo "2644"]
[BlackElo "2429"]
[PlyCount "109"]
[EventDate "2007.04.03"]
[Source "www.chesslib.no"]
[SourceDate "2004.05.04"]

1. e4 e5 2. Nf3 Nc6 3. Bb5 a6 4. Ba4 Nf6 5. Qe2 d6 6. c3 Be7 7. O-O Bg4 8. h3 Bh5 9. Rd1 Nd7 10. d4 Bf6 11. g4 Bg6 12. dxe5 Bxe5 13. Ne1 Qh4 14. f4 Qxh3 15. Rd3 Qh4 16. Ng2 Qe7 17. fxe5 Ncxe5 18. Rh3 O-O-O 19. Bc2 d5 20. Bf4 Nf6 21. exd5 Bxc2 22. Qxe5 Qxe5 23. Bxe5 Rxd5 24. Bd4 c5 25. Na3 cxd4 26. Nxc2 dxc3 27. Rxc3+ Kb8 28. Nce3 Rg5 29. Rf1 Nxg4 30. Nxg4 Rxg4 31. Rxf7 Rd8 32. Rc2 Rd3 33. Kf2 Rh3 34. Re2 h5 35. Rf3 Rh1 36. Rg3 Ra4 37. a3 h4 38. Rxg7 h3 39. Ne3 Rh4 40. Rg1 Rh2+ 41. Ke1 Rxe2+ 42. Kxe2 b5 43. Kf3 b4 44. a4 b3 45. Ng4 h2 46. Rh1 Rh3+ 47. Ke4 Rg3 48. Ne3 Rh3 49. Nf1 Rh4+ 50. Kd3 Rxa4 51. Rxh2 a5 52. Nd2 Ra2 53. Kc3 a4 54. Nc4 Ra1 55. Kb4 1-0

[Event "Clarin GP f"]
[Site "Villa Gisell"]
[Date "1998.03.10"]
[Round "4"]
[White "Zarnicki, Pablo"]
[Black "Sorokin, Maxim"]
[Result "1/2-1/2"]
[WhiteElo "2515"]
[BlackElo "2555"]
[PlyCount "34"]
[EventDate "1998.03.07"]
[Source "ChessBase"]
[SourceDate "1998.06.15"]

1. e4 e5 2. Nf3 Nc6 3. Bb5 a6 4. Ba4 Nf6 5. Qe2 d6 6. c3 Bd7 7. d4 Qe7 8. d5 Nb8 9. Bc2 g6 10. c4 Bg7 11. Nc3 O-O 12. O-O Nh5 13. Rb1 Nf4 14. Qe3 a5 15. b3 Na6 16. a3 c5 17. dxc6 bxc6 1/2-1/2

[Event "Niksic"]
[Site "Niksic"]
[Date "1991.??.??"]
[Round "7"]
[White "Strikovic, Aleksa"]
[Black "Sokolov, Ivan"]
[Result "0-1"]
[WhiteElo "2495"]
[BlackElo "2570"]
[PlyCount "84"]
[EventDate "1991.04.??"]
[Source "ChessBase"]

1. e4 e5 2. Nf3 Nc6 3. Bb5 a6 4. Ba4 Nf6 5. Qe2 Bd6 6. c3 O-O 7. O-O Re8 8. d3 Bc5 9. Bg5 h6 10. Bh4 d6 11. Nbd2 g5 12. Bg3 b5 13. Bb3 Bg4 14. h3 Bd7 15. Rfd1 Bb6 16. Nf1 Ne7 17. h4 g4 18. Bxe5 Ng6 19. Bxf6 Qxf6 20. Ne1 Qxh4 21. d4 Kg7 22. Qd2 c6 23. Ng3 Bd8 24. Nd3 Bg5 25. Qc2 Nf4 26. Nxf4 Bxf4 27. Qd3 h5 28. Bc2 Qg5 29. e5 Qh6 30. Qe4 dxe5 31. dxe5 Bxg3 32. Rxd7 Bxe5 33. Qf5 Bf6 34. Bb3 Rf8 35. Rad1 Rae8 36. Rc7 Re2 37. Rxc6 g3 38. Qf3 gxf2+ 39. Kf1 Rxb2 40. Rdd6 Re8 41. Rd1 Re1+ 42. Rxe1 fxe1=Q+ 0-1

[Event "Lausanne Master op"]
[Site "Lausanne"]
[Date "2001.05.23"]
[Round "2"]
[White "Paehtz, Thomas Sr"]
[Black "Vladimirov, Evgeny"]
[Result "1-0"]
[WhiteElo "2445"]
[BlackElo "2612"]
[PlyCount "37"]
[EventDate "2001.05.20"]
[Source "ChessBase"]
[SourceDate "2001.07.03"]

1. e4 e5 2. Nf3 Nc6 3. Bb5 a6 4. Ba4 Nf6 5. Qe2 b5 6. Bb3 Bc5 7. c3 O-O 8. d3 d6 9. Bg5 Be6 10. Nbd2 Qe7 11. Bd5 Bxd5 12. exd5 Nb8 13. Ne4 Nbd7 14. Nh4 h6 15. Nf5 Qd8 16. Bh4 Kh8 17. g4 g6 18. Qf3 g5 19. Bxg5 1-0

[Event "Ardid mem 10th op"]
[Site "Zaragoza"]
[Date "1998.??.??"]
[Round "7"]
[White "Strikovic, Aleksa"]
[Black "Campos Moreno, Javier B"]
[Result "0-1"]
[WhiteElo "2565"]
[BlackElo "2490"]
[PlyCount "76"]
[EventDate "1998.??.??"]
[Source "www.chesslib.no"]
[SourceDate "2004.05.04"]

1. e4 e5 2. Nf3 Nc6 3. Bb5 a6 4. Ba4 Nf6 5. Qe2 b5 6. Bb3 Bc5 7. O-O O-O 8. a4 Rb8 9. axb5 axb5 10. d3 d6 11. Bg5 Bg4 12. c3 h6 13. Be3 Nd7 14. h3 Bh5 15. g4 Bg6 16. Nbd2 Bb6 17. Bd5 Ne7 18. Ba2 Nc5 19. Nh4 Ne6 20. Nf5 Bh7 21. Bxe6 fxe6 22. Nxe7+ Qxe7 23. Bxb6 Rxb6 24. Ra7 d5 25. Qe3 Qd6 26. Nf3 dxe4 27. dxe4 Rbb8 28. Nd2 Rbd8 29. Nb3 Rf4 30. f3 Bxe4 31. Raa1 Qd5 32. fxe4 Qxb3 33. Rxf4 exf4 34. Qe2 e5 35. Kg2 b4 36. Rc1 c5 37. h4 c4 38. g5 Rd3 0-1

[Event "CUB-ch"]
[Site "Matanzas"]
[Date "1997.??.??"]
[Round "13"]
[White "Rodriguez Cespedes, Amador"]
[Black "Borges Mateos, Juan"]
[Result "1/2-1/2"]
[WhiteElo "2555"]
[BlackElo "2500"]
[PlyCount "36"]
[EventDate "1997.03.15"]
[Source "ChessBase"]

1. e4 e5 2. Nf3 Nc6 3. Bb5 a6 4. Ba4 Nf6 5. Qe2 Be7 6. c3 b5 7. Bc2 d5 8. d4 exd4 9. e5 Nd7 10. cxd4 Nb6 11. Nc3 Bg4 12. Be3 Qd7 13. h3 Bh5 14. O-O O-O 15. Qd3 Bg6 16. Qd1 Bh5 17. Qd3 Bg6 18. Qd1 Bh5 1/2-1/2

[Event "It (Open) Phoenix USA"]
[Site "?"]
[Date "2005.08.12"]
[Round "7"]
[White "Matikozian Andranik"]
[Black "Christiansen Larry Mark"]
[Result "0-1"]
[WhiteElo "2527"]
[BlackElo "2524"]
[PlyCount "120"]
[EventDate "2005.??.??"]
[Source "www.chesslib.no"]
[SourceDate "2004.05.04"]

1. e4 e5 2. Nf3 Nc6 3. Bb5 a6 4. Ba4 Nf6 5. Qe2 b5 6. Bb3 Bc5 7. c3 O-O 8. O-O d5 9. d3 d4 10. h3 h6 11. Rd1 Be6 12. Nbd2 Nh5 13. Nf1 Bxb3 14. axb3 Qf6 15. N1h2 Nf4 16. Bxf4 exf4 17. Rac1 Rfe8 18. cxd4 Nxd4 19. Nxd4 Qxd4 20. Nf3 Qb4 21. Rc3 Rad8 22. Qd2 Bb6 23. Qxf4 Rxe4 24. dxe4 Rxd1+ 25. Kh2 Qd6 26. e5 Qd5 27. Qf5 Qe6 28. Qe4 Rd5 29. Qc2 Rd8 30. Kg1 Qd5 31. Qf5 c6 32. Rc1 c5 33. Rc3 Qd1+ 34. Kh2 Qd7 35. Qe4 Qd5 36. Qc2 Qe6 37. Kg1 Qd7 38. Kh2 Qe6 39. Kg1 Qg6 40. Qe2 Qb1+ 41. Kh2 Qf5 42. Kg1 Rd5 43. Re3 Qb1+ 44. Kh2 Qd1 45. Qxd1 Rxd1 46. e6 fxe6 47. Rxe6 Bc7+ 48. g3 Bd6 49. Re8+ Kf7 50. Ra8 Rd3 51. Kg2 Rxb3 52. Rxa6 Ke6 53. Nd2 Rb4 54. Kf3 Kd5 55. b3 Be5 56. Ra2 Kd4 57. Ke2 Kc3 58. Kd1 Kd3 59. Ra8 Bc3 60. Rd8+ Rd4 0-1

[Event "Manresa"]
[Site "Manresa"]
[Date "1995.??.??"]
[Round "2"]
[White "Vehi Bach, Victor Manuel"]
[Black "Giorgadze, Giorgi"]
[Result "1/2-1/2"]
[WhiteElo "2445"]
[BlackElo "2605"]
[PlyCount "119"]
[EventDate "1995.06.??"]
[Source "ChessBase"]

1. e4 e5 2. Nf3 Nc6 3. Bb5 a6 4. Ba4 Nf6 5. Qe2 b5 6. Bb3 Bc5 7. c3 d6 8. d3 O-O 9. Bg5 h6 10. Bh4 Be6 11. Nbd2 Bxb3 12. axb3 Qe7 13. g4 Qe6 14. g5 Nh5 15. Bg3 g6 16. Kd1 a5 17. Kc2 a4 18. b4 Bb6 19. Rhg1 Ne7 20. gxh6 c5 21. bxc5 Bxc5 22. Ng5 Qd7 23. b4 axb3+ 24. Nxb3 Rac8 25. Kb2 Kh8 26. Nxc5 Rxc5 27. f4 Nxg3 28. hxg3 f6 29. Nf3 Rfc8 30. Rgc1 Qc7 31. Qd2 Kh7 32. g4 exf4 33. Qxf4 Ng8 34. Qd2 g5 35. d4 Rc4 36. e5 dxe5 37. dxe5 Rf4 38. Qe3 Kh8 39. Ra7 Qc4 40. Nd2 Qd5 41. e6 Re8 42. Re1 Rxg4 43. Rd7 Qf5 44. h7 Ne7 45. Rf1 Qg6 46. Qc5 Rg2 47. Kb3 Qg7 48. Ne4 Re2 49. Rxf6 Rxe4 50. Rf7 Rc4 51. Rxg7 Rxc5 52. Rgxe7 Rxe7 53. Rxe7 Re5 54. Kb4 g4 55. Rd7 Rxe6 56. Kxb5 Rg6 57. c4 Rg7 58. Rd1 Kxh7 59. c5 Kg6 60. c6 1/2-1/2

[Event "Bad Endbach"]
[Site "Bad Endbach"]
[Date "1995.??.??"]
[Round "?"]
[White "Bischoff, Klaus"]
[Black "Mikhalevski, Victor"]
[Result "1-0"]
[WhiteElo "2525"]
[BlackElo "2525"]
[PlyCount "85"]
[EventDate "1995.04.??"]
[Source "ChessBase"]

1. e4 e5 2. Nf3 Nc6 3. Bb5 a6 4. Ba4 Nf6 5. Qe2 Qe7 6. Bxc6 bxc6 7. d3 g6 8. Nbd2 Bg7 9. Nc4 Nh5 10. O-O O-O 11. Bg5 Qe6 12. b4 d6 13. Na5 Bd7 14. Nd2 f5 15. f3 Nf4 16. Bxf4 exf4 17. Rab1 Qxa2 18. Ndb3 Qa4 19. Qd2 fxe4 20. dxe4 Qb5 21. c3 Qb6+ 22. Kh1 Qe3 23. Qxe3 fxe3 24. Rbc1 Rab8 25. Rfe1 Rb5 26. Nd4 Rb6 27. Nc4 Bxd4 28. cxd4 Rxb4 29. Rxe3 Rfb8 30. h4 Ra4 31. Kh2 Rbb4 32. Rec3 Ra2 33. Kg3 Kf7 34. e5 d5 35. e6+ Kxe6 36. Re3+ Kf6 37. Ne5 Be6 38. Rxc6 Rbb2 39. Ng4+ Kg7 40. Rcxe6 Rxg2+ 41. Kf4 g5+ 42. Kxg5 h6+ 43. Kf5 1-0